000 01218nam1a2200325 4500
001 RU\NLR\BIBL_A\012501504
005 20240921215214.0
035 _a(NLR Aleph) 012501504
090 _a12231883
_c12231883
100 _a20210323g20209999km y0rusy50 ba
101 0 _aeng
102 _aRU
105 _a||||j |||||
181 0 _ai
_baxxe
182 0 _an
200 1 _aRussian business law
_ecompendium
_f[Victoria Bortkevicha, Timur Aitkulov, Alexander Anichkin et al.
_geditor: Torsten Syrbe]
203 _aТекст
_bвизуальный
_cнепосредственный
210 _aMoscow
_cClifford Chance
_d2020
215 _d22
541 1 _aРоссийское предпринимательское право
_eсборник
606 1 _aПредпринимательство
_jСборники
_xПравовое регулирование
_yРоссийская Федерация
_92078934
_3RU\NLR\AUTH\661254801
675 _a347.73
686 1 _aХ623.012.09я43
701 1 _aBortkevicha
_bV.
_gVictoria
701 1 _aAitkulov
_bT.
_gTimur
701 1 _aAničkin
_bA.
_gAleksandr
702 1 _aSyrbe
_bT.
_gTorsten
_4340
852 _aNLR
_jИк 2021-5/107
942 _cBOOK